000 00842nam a2200241Ia 4500
001 805
003 GE_BSU
008 181216s||||||||xx |||||||||||||| ||und||
040 _cGE_BSU
080 _a004.72(075.8)
100 _aБарановская, Т.П. и др.
245 _aАрхитетура компьютерных систем и сетей.
245 _bУчеб. пособие для студ. высш. сель.хоз. учеб. завед.
245 _cпод. ред. В.И.Лойко
260 _aМосква
260 _c2008
300 _a254с.
541 _h7л.
653 _aАрхитетура Копьютерных систем и сетей
653 _aინფორმატიკა
653 _aსაინფორმაციო ტექნოლოგიები
942 _cBK
999 _c34970
_d34970